Loading...
| Science - Other | 0 | 5 | 1 | 1 | 45 | 40 | 80.40 | 3 | 5 | 0.00 | 0.00 |
| Science - Chemistry | 0 | 4 | 1 | 0 | 35 | 58 | 82.50 | 2 | 4 | 0.00 | 0.00 |
| Science - Biology | 0 | 3 | 1 | 2 | 25 | 114 | 122.33 | 0 | 3 | 0.00 | 0.00 |
| Science - Physics | 0 | 4 | 3 | 0 | 25 | 78 | 93.00 | 0 | 4 | 0.00 | 0.00 |
| Other Academic | 0 | 2 | 0 | 2 | 20 | 103 | 117.00 | 0 | 2 | 0.00 | 0.00 |
| Fine Arts - Classical Music | 0 | 2 | 1 | 0 | 15 | 111 | 114.00 | 0 | 2 | 0.00 | 0.00 |
| Philosophy | 0 | 1 | 0 | 0 | 10 | 103 | 103.00 | 0 | 1 | 0.00 | 0.00 |
| Fine Arts - Painting and Sculpture | 0 | 1 | 0 | 0 | 10 | 98 | 98.00 | 0 | 1 | 0.00 | 0.00 |
| Literature - American | 0 | 1 | 0 | 0 | 10 | 86 | 86.00 | 1 | 1 | 0.00 | 0.00 |
| Mythology | 0 | 1 | 0 | 0 | 10 | 88 | 88.00 | 1 | 1 | 0.00 | 0.00 |
| Social Science | 0 | 1 | 1 | 0 | 5 | 98 | 98.00 | 0 | 1 | 0.00 | 0.00 |